| 000 | 00820nam a22002177a 4500 | ||
|---|---|---|---|
| 999 |
_c63297 _d63297 |
||
| 005 | 20250729160538.0 | ||
| 008 | 250729s2018 en ||||| |||| 00| 0 eng d | ||
| 020 | _a9780323400534 X | ||
| 041 | _aeng | ||
| 080 | _a616.31 M-23 | ||
| 100 |
_a Malamed, Stanley F. _d(Author) _925702 |
||
| 245 |
_aSedation : a guide to patient management / _cStanley F. Malamed |
||
| 250 | _a Sixth edition. | ||
| 264 |
_aSt. Louis, Missouri : _bElsevier, _c 2018. |
||
| 300 |
_axi, 620 pages : _b color illustrations ; _c28 cm. |
||
| 500 | _aIncludes bibliographical references and index | ||
| 653 | _aAnesthesia, Dental--methods Conscious Sedation--methods Pain--prevention & control Dental Anxiety--prevention & control | ||
| 653 | _aსტომატოლოგია | ||
| 653 | _aმედიცინა | ||
| 942 |
_2udc _cBK |
||